|
|
|
|
| LEADER |
00000cam a2200000 7i4500 |
| 001 |
0000006686 |
| 005 |
20070817.0 |
| 008 |
070817 |
| 020 |
|
|
|a 977238745X
|
| 090 |
0 |
0 |
|a 030.92
|b FAR
|
| 245 |
1 |
0 |
|a Ensiklopedia Dr.Mahathir Bin Mohamad Perdana Menteri Malaysia :
|b Isu semasa
|c Editor Bahasa Melayu dan Bahasa Inggeris Datuk Hashim Makaruddin
|
| 260 |
|
|
|a Kuala Lumpur :
|b Darul Fikir ,
|c 2006
|
| 300 |
|
|
|a 10 Jilid
|
| 500 |
|
|
|a Collection of speeches and articles by Dr. Mahathir bin Mohamad, Prime Minister of Malaysia., delivered on various occasions
|
| 500 |
|
|
|a Includes indexes.
|
| 505 |
0 |
|
|a Jilid 1.Islam dan Umat Islam -- Jilid 2 Menghadapi cabaran -- Jilid 3 Asia, Pemikiran tentang asia,lembaran baru Asia --Jilid 4 Globalisasi,perkongsian pintar dan kerajaan -Jilid 5. Malaysia -- Jilid 6. Globalisasi dan realiti baru -- Jilid 7. Sains,Teknologi dan hak asasi manusia -- Jilid 8. Politik,demokrasi dan asia baru-- Jilid 9. Pembangunan dan kerjasama serantau -- Jilid 10. Isu semasa
|
| 650 |
|
0 |
|a Mahathir bin Mohamad,
|x 1925-
|
| 700 |
0 |
|
|a Hashim Makaruddin,Datuk
|
| 999 |
|
|
|a 0000953171
|b Book
|c REFERENCE
|e Perbadanan Perpustakaan Awam Johor
|
| 999 |
|
|
|a 0000953172
|b Book
|c REFERENCE
|e Perbadanan Perpustakaan Awam Johor
|
| 999 |
|
|
|a 0000953173
|b Book
|c REFERENCE
|e Perbadanan Perpustakaan Awam Johor
|
| 999 |
|
|
|a 0000953174
|b Book
|c REFERENCE
|e Perbadanan Perpustakaan Awam Johor
|
| 999 |
|
|
|a 0000953175
|b Book
|c REFERENCE
|e Perbadanan Perpustakaan Awam Johor
|
| 999 |
|
|
|a 0000953176
|b Book
|c REFERENCE
|e Perbadanan Perpustakaan Awam Johor
|
| 999 |
|
|
|a 0000953177
|b Book
|c REFERENCE
|e Perbadanan Perpustakaan Awam Johor
|
| 999 |
|
|
|a 0000953178
|b Book
|c REFERENCE
|e Perbadanan Perpustakaan Awam Johor
|
| 999 |
|
|
|a 0000953179
|b Book
|c REFERENCE
|e Perbadanan Perpustakaan Awam Johor
|
| 999 |
|
|
|a 0001347688
|b Book
|c REFERENCE
|e Perbadanan Perpustakaan Awam Johor
|
| 999 |
|
|
|a 0001347689
|b Book
|c REFERENCE
|e Perbadanan Perpustakaan Awam Johor
|
| 999 |
|
|
|a 0001347690
|b Book
|c REFERENCE
|e Perbadanan Perpustakaan Awam Johor
|
| 999 |
|
|
|a 0001347691
|b Book
|c REFERENCE
|e Perbadanan Perpustakaan Awam Johor
|
| 999 |
|
|
|a 0001347692
|b Book
|c REFERENCE
|e Perbadanan Perpustakaan Awam Johor
|
| 999 |
|
|
|a 0001347693
|b Book
|c REFERENCE
|e Perbadanan Perpustakaan Awam Johor
|
| 999 |
|
|
|a 0001347694
|b Book
|c REFERENCE
|e Perbadanan Perpustakaan Awam Johor
|
| 999 |
|
|
|a 0001347695
|b Book
|c REFERENCE
|e Perbadanan Perpustakaan Awam Johor
|
| 999 |
|
|
|a 0001347696
|b Book
|c REFERENCE
|e Perbadanan Perpustakaan Awam Johor
|
| 999 |
|
|
|a 0001349529
|b Book
|c Adult Collection
|e Perbadanan Perpustakaan Awam Johor
|
| 999 |
|
|
|a 000953180
|b Book
|c REFERENCE
|e Perbadanan Perpustakaan Awam Johor
|